Modeste Mignon / (Record no. 86065)
[ view plain ]
| 000 -LEADER | |
|---|---|
| fixed length control field | 00710nam a2200241 a 4500 |
| 001 - CONTROL NUMBER | |
| control field | 86065 |
| 003 - CONTROL NUMBER IDENTIFIER | |
| rucl marc code | BD-RjUL |
| 005 - DATE AND TIME OF LATEST TRANSACTION | |
| control field | 20260106110805.0 |
| 008 - FIXED-LENGTH DATA ELEMENTS--GENERAL INFORMATION | |
| fixed length control field | 260106s1896 enk 000 1 fre |
| 035 ## - SYSTEM CONTROL NUMBER | |
| System control number | (BD-RjUL)86065 |
| 040 ## - CATALOGING SOURCE | |
| Original cataloging agency | DLC |
| Transcribing agency | ICarbS |
| Modifying agency | DLC |
| -- | BD-RjUL |
| Language of cataloging | eng |
| 041 ## - LANGUAGE CODE | |
| Language code of text/sound track or separate title | eng |
| 082 ## - DEWEY DECIMAL CLASSIFICATION NUMBER | |
| Edition number | 23 |
| Classification number | 843.7 |
| Author mark and year | BAM 1896 |
| 100 1# - MAIN ENTRY--PERSONAL NAME | |
| Personal name | Balzac, Honoré de, |
| Dates associated with a name | 1799-1850. |
| 9 (RLIN) | 11577 |
| 245 10 - TITLE STATEMENT | |
| Title | Modeste Mignon / |
| Statement of responsibility, etc. | Honoré de Balzac |
| 260 ## - PUBLICATION, DISTRIBUTION, ETC. (IMPRINT) | |
| Place of publication, distribution, etc. | London : |
| Name of publisher, distributor, etc. | The Caxton Publishing company, |
| Date of publication, distribution, etc. | 1896 |
| 300 ## - PHYSICAL DESCRIPTION | |
| Pagination | 407 pages : |
| Illustrations | illustrations; |
| Size | 21 cm. |
| 336 ## - CONTENT TYPE | |
| Content type term | text |
| Content type code | txt |
| Source | rdacontent |
| 337 ## - MEDIA TYPE | |
| Media type term | unmediated |
| Media type code | n |
| Source | rdamedia |
| 338 ## - CARRIER TYPE | |
| Carrier type term | volume |
| Carrier type code | nc |
| Source | rdacarrier |
| 650 ## - SUBJECT ADDED ENTRY--TOPICAL TERM | |
| Topical term or geographic name as entry element | French fiction |
| 9 (RLIN) | 2547 |
| 942 ## - ADDED ENTRY ELEMENTS (KOHA) | |
| Source of classification or shelving scheme | Dewey Decimal Classification |
| Koha item type | Books |
| Lost status | Source of classification or shelving scheme | Damaged status | Not for loan | Collection code | Permanent Location | Current Location | Shelving location | Date acquired | Source of acquisition | Cost, normal purchase price | Total Checkouts | Full call number | Date last seen | Copy number | Koha item type |
|---|---|---|---|---|---|---|---|---|---|---|---|---|---|---|---|
| Dewey Decimal Classification | Not For Loan | Fiction | Central Library, University of Rajshahi | Central Library, University of Rajshahi | Reading Room | 20/11/1956 | B.H. Blackwell | 10.10 | 843.7 BAM 1896 | 06/01/2026 | C-1 | Books |